00556nam a2200181Ia 4500003000400000005001700004008004100021040000600062082001600068100001900084245009200103250001200195260008400207300001200291650002700303650002600330700001800356OSt20250827102027.0250310s9999||||xx |||||||||||||| ||und|| c. a621.3bT398 aTheraja, B. L. 0aA Textbook of Electrical technology in S.I. units /cby B. L. Theraja and A. K. Theraja a1st ed. aNew Delhi :bPublication Division of Nirja Construction and Development,c1995. a1144 p. 0aElectrical Engineering 0aElectrical technology aTheraja, A.K.